|
|
|
|
| LEADER |
00000nab#a22000007a#4500 |
| 001 |
arbauad016219 |
| 003 |
AR-BaUAD |
| 005 |
20250711111504.0 |
| 008 |
950206|||||||||###||||||b###|0###a|spa|| |
| 040 |
|
|
|a AR-BaUAD
|c AR-BaUAD
|b spa
|
| 245 |
1 |
0 |
|a Nazareno Gabrielli
|
| 300 |
0 |
|
|b p. s/no.
|
| 500 |
|
|
|a Diseño de calzado, carteras, bolsos, camperas, etc..
|
| 653 |
|
|
|a ITALIA
|
| 653 |
|
|
|a ACCESORIOS
|
| 653 |
|
|
|a CALZADO
|
| 653 |
|
|
|a CARTERAS
|
| 653 |
|
|
|a INDUMENTARIA FEMENINA
|
| 653 |
|
|
|a INDUMENTARIA MASCULINA
|
| 653 |
|
|
|a CUERO
|
| 653 |
|
|
|a MODA
|
| 653 |
|
|
|a DISEÑO DE INDUMENTARIA
|
| 653 |
|
|
|a MARCAS
|
| 653 |
|
|
|a NAZARENO GABRIELLI
|
| 653 |
|
|
|a DISEÑADORES DE INDUMENTARIA
|
| 773 |
0 |
|
|t VOGUE ITALIA
|g Nº541 [set. 1995] - SUPLEMENTO
|
| 942 |
|
|
|c ARTI
|
| 952 |
|
|
|0 0
|1 0
|4 0
|7 0
|9 61139
|a AR-BAuAD
|b AR-BAuAD
|d 2025-07-11
|l 0
|p AAQA016219
|r 2025-07-11 11:15:04
|w 2025-07-11
|y ARTI
|
| 990 |
|
|
|a DT199
|b TD
|
| 998 |
|
|
|a AAQ
|b BIBUN76
|
| 999 |
|
|
|c 40812
|d 40812
|